| 000 | 01054nam0a22002771 4500 | ||
|---|---|---|---|
| 001 | rc\993823 | ||
| 005 | 20250622071414.0 | ||
| 035 | _a(NLR Aleph) 006160795 | ||
| 090 |
_a5860673 _c5860673 |
||
| 100 | _a20041129d1981 |||y0rusy50 ca | ||
| 101 | 0 | _arus | |
| 102 | _aRU | ||
| 105 | _aa ||||||||| | ||
| 200 | 1 |
_aЖизнь и творчество Д.А. Фурманова _eМатериалы для выставки в школе и дет. б-ке _e[Для сред. и ст. шк. возраста _fП.В. Куприяновский] |
|
| 205 | _a2-е изд., испр. | ||
| 210 |
_aМ. _cДет. лит. _d1981 |
||
| 215 |
_a7 с., 28 л. ил. _d28 |
||
| 225 | 1 | _aВыставка в школе | |
| 300 | _aЗагл. 1-го изд.: Д.А. Фурманов | ||
| 600 | 1 |
_aФурманов _bД.А. _gДмитрий Андреевич _2psbo |
|
| 701 | 1 |
_aКуприяновский _bП.В. _gПавел Вячеславович |
|
| 801 | 0 |
_aRU _bNLR _gpsbo |
|
| 801 | 1 |
_aRU _bELAR _2rusmarc |
|
| 852 |
_aNLR _j82-8/303 |
||
| 942 | _cBOOK | ||
| 980 | _aNB | ||